Normal view
MARC view
- Asia Pacific Symposium on Intelligent and Evolutionary Systems
Entry Meeting Name
001 - CONTROL NUMBER
- control field: 82138
003 - CONTROL NUMBER IDENTIFIER
- control field: NUST
005 - DATE AND TIME OF LATEST TRANSACTION
- control field: 20210903122452.0
008 - FIXED-LENGTH DATA ELEMENTS
- fixed length control field: 210903|| aca||aabn | a|a d
040 ## - CATALOGING SOURCE
- Original cataloging agency: NUST
- Transcribing agency: NUST
111 ## - HEADING--MEETING NAME
- Meeting name or jurisdiction name as entry element: Asia Pacific Symposium on Intelligent and Evolutionary Systems
670 ## - SOURCE DATA FOUND
- Source citation: Work cat.: (NUST)32952: Gen, Mitsuo 82131, Intelligent and evolutionary systems /, c2009.
